| 000 | 00964 a2200301 4500 | ||
|---|---|---|---|
| 999 |
_c200130704 _d30417 |
||
| 001 | 200130704 | ||
| 003 | TR-AnTOB | ||
| 005 | 20240118001042.0 | ||
| 008 | 131022b tu 000 0 | ||
| 020 | _a9786055327309 | ||
| 040 |
_aTR-AnTOB _cTR-AnTOB _beng _erda |
||
| 041 | _atur | ||
| 050 |
_aHG5706.5.A3 _bS25 2013 |
||
| 090 |
_aHG5706.5.A3 _bS25 2013 |
||
| 100 | 1 |
_aSancak, Ethem _993678 |
|
| 245 | 1 | 0 |
_aPayları borsada işlem gören bankaların sermaye piyasası açısından gözetimi / _cEthem Sancak. |
| 264 | 1 |
_aİstanbul: _bTürkiye Bankalar Birliği, _c2013 |
|
| 300 |
_aii, 183 page : _btables; _c24 cm. |
||
| 336 |
_2rdacontent _atext _btxt |
||
| 337 |
_2rdamedia _aunmediated _bn |
||
| 338 |
_2rdacarrier _avolume _bnc |
||
| 490 | 0 |
_aTürkiye Bankalar Birliği ; _v296 |
|
| 650 | 0 |
_aCapital market _zTurkey _991555 |
|
| 650 | 0 |
_aBankalar ve bankacılık _943263 |
|
| 650 | 7 |
_aSermaye piyasası _2etuturkob _93696 |
|
| 942 |
_cBK _2lcc |
||